Fundamentals of reservoir engineering (Record no. 63375)

MARC details
000 -LEADER
fixed length control field 00787nam a2200193 a 4500
008 - FIXED-LENGTH DATA ELEMENTS--GENERAL INFORMATION
fixed length control field 120416s1978 ||||||||||||||||| || u
020 ## - INTERNATIONAL STANDARD BOOK NUMBER
International Standard Book Number 044441830X
050 ## - LIBRARY OF CONGRESS CALL NUMBER
Classification number TN 871 Dak
100 ## - MAIN ENTRY--PERSONAL NAME
Personal name Dake, L. P
245 10 - TITLE STATEMENT
Title Fundamentals of reservoir engineering
Statement of responsibility, etc. L. P. Dake
260 ## - PUBLICATION, DISTRIBUTION, ETC.
Place of publication, distribution, etc. Amsterdam:
Name of publisher, distributor, etc. Elsevier
Date of publication, distribution, etc. 1978
300 ## - PHYSICAL DESCRIPTION
Extent xvii, 443p. : ill.
350 ## -
-- 0.00
490 ## -
-- Development in petroleaum science
490 ## -
-- 8
650 ## - SUBJECT ADDED ENTRY--TOPICAL TERM
Topical term or geographic name entry element ENGINEERING
995 ## -
-- ANNEX COLLECTION (Main Library)
-- 0.00
-- 016879
-- CBU-MAIN LIBRARY (Kitwe)
-- 1
-- 32.10
-- TN 871 DAK
-- 1
-- AVAILABLE
-- 016879
-- Annex Low-Usage Collection
995 ## -
-- MAIN LIBRARY OPEN ACCESS
-- 0.00
-- 739706
-- CBU-MAIN LIBRARY (Kitwe)
-- 1
-- 0.00
-- TN 871 DAK
-- 2
-- AVAILABLE
-- Mar 27, 2009
-- 739706
-- Main Library Open Access Collection
999 ## -
-- 63375
-- 63375
Holdings
Withdrawn status Lost status Source of classification or shelving scheme Damaged status Not for loan Permanent Location Current Location Shelving location Date acquired Total Checkouts Full call number Barcode Date last seen Price effective from Koha item type
          CBU-MAIN LIBRARY, KITWE. CBU-MAIN LIBRARY, KITWE.   12/24/2022   TN 871 Dak 016879 12/24/2022 12/24/2022 MONOGRAPH
          CBU-MAIN LIBRARY, KITWE. CBU-MAIN LIBRARY, KITWE.   12/24/2022   TN 871 Dak 739706 12/24/2022 12/24/2022 MONOGRAPH